[Event "Madrid-chT Honor 2223"]
[Site "Madrid"]
[Date "2023.01.22"]
[Round "6.5"]
[White "Gallego Bergada, Antoni"]
[Black "Perdomo Araujo, Angel Eduardo"]
[Result "1/2-1/2"]
[WhiteElo "2138"]
[BlackElo "2071"]
[PlyCount "42"]
[EventDate "2022.11.20"]
[EventType "team-tourn"]
[EventRounds "14"]
[EventCountry "ESP"]
[SourceTitle "EXT 2024"]
[Source "ChessBase"]
[SourceDate "2023.10.10"]
[SourceVersion "1"]
[SourceVersionDate "2023.10.10"]
[SourceQuality "1"]
[WhiteTeam "San Fernando de Henares"]
[BlackTeam "Villalba 64"]
[WhiteTeamCountry "ESP"]
[BlackTeamCountry "ESP"]

1. e4 d5 2. exd5 Qxd5 3. Nc3 Qd6 4. d4 Nf6 5. Nf3 c6 6. Ne5 Nbd7 7. Nc4 Qc7 8. Qf3 Nb6 9. Bf4 Qd8 10. Be5 Be6 11. Ne3 Nbd5 12. Nexd5 Nxd5 13. Bc4 f6 14. Bg3 Bf7 15. 0-0 Nxc3 16. Bxf7+ Kxf7 17. Qxc3 e6 18. Qb3 Qb6 19. Qxb6 axb6 20. Rfe1 Rd8 21. Rad1 Bd6 1/2-1/2

[Event "Madrid-chT Honor 2223"]
[Site "Madrid"]
[Date "2022.12.11"]
[Round "3.4"]
[White "Lianes Garcia, Marcos"]
[Black "Gallego Bergada, Antoni"]
[Result "1-0"]
[WhiteElo "2409"]
[BlackElo "2138"]
[PlyCount "99"]
[EventDate "2022.11.20"]
[EventType "team-tourn"]
[EventRounds "14"]
[EventCountry "ESP"]
[SourceTitle "EXT 2024"]
[Source "ChessBase"]
[SourceDate "2023.10.10"]
[SourceVersion "1"]
[SourceVersionDate "2023.10.10"]
[SourceQuality "1"]
[WhiteTeam "Collado Villalba"]
[BlackTeam "San Fernando de Henares"]
[WhiteTeamCountry "ESP"]
[BlackTeamCountry "ESP"]

1. e4 e5 2. Nf3 Nf6 3. d4 Nxe4 4. Bd3 d5 5. Nxe5 Bd6 6. 0-0 0-0 7. Nd2 Nxd2 8. Bxd2 c5 9. c3 Nc6 10. Nxc6 bxc6 11. dxc5 Bxc5 12. Qh5 g6 13. Qf3 Be7 14. Rfe1 Bg5 15. Be3 Qf6 16. Qxf6 Bxf6 17. Bc5 Rd8 18. Rac1 Be6 19. Ba6 Bc8 20. Bxc8 Rdxc8 21. f4 a6 22. Kf2 Re8 23. g3 h5 24. b3 Rxe1 25. Kxe1 Re8+ 26. Kd2 Re4 27. Kd3 Bd8 28. c4 f5 29. cxd5 cxd5 30. Bd4 Kf7 31. Rc8 Ke7 32. Ra8 Re6 33. Ra7+ Ke8 34. b4 Re1 35. Rxa6 Rd1+ 36. Kc3 Kf7 37. b5 Rc1+ 38. Kd3 Rd1+ 39. Kc3 Rc1+ 40. Kd2 Rb1 41. a4 Rb4 42. Bc3 Rc4 43. Kd3 Rc8 44. a5 Rc5 45. Ra7+ Ke6 46. Rb7 d4 47. Kxd4 Rc8 48. Kd3 Kd5 49. a6 Kc5 50. a7 1-0

[Event "Barcelona Tres Peons-A 45th"]
[Site "Barcelona"]
[Date "2016.05.27"]
[Round "7.1"]
[White "Orteu Capdevila, Max"]
[Black "Gallego Bergada, Antoni"]
[Result "1/2-1/2"]
[WhiteElo "2019"]
[BlackElo "2165"]
[PlyCount "27"]
[EventDate "2016.04.15"]
[EventType "swiss"]
[EventRounds "9"]
[EventCountry "ESP"]
[SourceTitle "EXT 2024"]
[Source "ChessBase"]
[SourceDate "2023.10.10"]
[SourceVersion "1"]
[SourceVersionDate "2023.10.10"]
[SourceQuality "1"]

1. e4 c5 2. Nf3 e6 3. g3 Nc6 4. Bg2 Nd4 5. c3 Nxf3+ 6. Qxf3 Ne7 7. 0-0 Nc6 8. Rd1 Be7 9. d4 Qb6 10. dxc5 Bxc5 11. b4 Be7 12. Bf4 e5 13. Be3 Qc7 14. Na3 1/2-1/2

[Event "Barcelona Tres Peons-A 45th"]
[Site "Barcelona"]
[Date "2016.05.13"]
[Round "5.1"]
[White "Jimenez Ruano, Adrian"]
[Black "Gallego Bergada, Antoni"]
[Result "1/2-1/2"]
[WhiteElo "2089"]
[BlackElo "2165"]
[PlyCount "57"]
[EventDate "2016.04.15"]
[EventType "swiss"]
[EventRounds "9"]
[EventCountry "ESP"]
[SourceTitle "EXT 2024"]
[Source "ChessBase"]
[SourceDate "2023.10.10"]
[SourceVersion "1"]
[SourceVersionDate "2023.10.10"]
[SourceQuality "1"]

1. d4 Nf6 2. c4 c5 3. d5 e6 4. Nc3 exd5 5. cxd5 d6 6. e4 g6 7. h3 Bg7 8. Nf3 0-0 9. Bd3 a6 10. a4 Nbd7 11. 0-0 Nh5 12. Be3 Re8 13. Nd2 Qh4 14. f4 f5 15. Qf3 Ndf6 16. Rae1 Ng4 17. hxg4 fxg4 18. g3 Nxg3 19. Qg2 Nxf1 20. Rxf1 Bd7 21. Nc4 Qe7 22. Qf2 b5 23. Nxd6 g3 24. Qxg3 Qxd6 25. e5 Qf8 26. Ne4 Rac8 27. Nd6 Qxd6 28. exd6 Rxe3 29. Rf3 1/2-1/2

[Event "Barcelona Tres Peons-A 45th"]
[Site "Barcelona"]
[Date "2016.04.29"]
[Round "3.1"]
[White "Cano Sevila, Ivan"]
[Black "Gallego Bergada, Antoni"]
[Result "1/2-1/2"]
[WhiteElo "1850"]
[BlackElo "2165"]
[PlyCount "95"]
[EventDate "2016.04.15"]
[EventType "swiss"]
[EventRounds "9"]
[EventCountry "ESP"]
[SourceTitle "EXT 2024"]
[Source "ChessBase"]
[SourceDate "2023.10.10"]
[SourceVersion "1"]
[SourceVersionDate "2023.10.10"]
[SourceQuality "1"]

1. d4 c5 2. e3 d5 3. c3 Nc6 4. Bd3 e5 5. dxe5 Nxe5 6. Bb5+ Nc6 7. Nf3 Nf6 8. Ne5 Qc7 9. Qa4 Bd7 10. Nxd7 Qxd7 11. 0-0 Bd6 12. Nd2 0-0 13. e4 a6 14. Bxc6 Qxc6 15. Qxc6 bxc6 16. Rd1 Rfe8 17. exd5 cxd5 18. Nf3 h6 19. Be3 Rad8 20. h3 Ne4 21. Kf1 Be7 22. Nd2 Bg5 23. Nxe4 Bxe3 24. Re1 Rxe4 25. Rxe3 Rxe3 26. fxe3 Kf8 27. Ke2 Ke7 28. Kd3 f5 29. Rf1 Ke6 30. b3 Ke5 31. Rf4 g5 32. Ra4 Rd6 33. Ra5 Rc6 34. c4 dxc4+ 35. Kxc4 Ke4 36. a3 Kxe3 37. Kd5 Rc8 38. Rxa6 h5 39. Rh6 h4 40. Rg6 Kf4 41. a4 g4 42. a5 gxh3 43. gxh3 Rb8 44. Rb6 Ra8 45. a6 Kg3 46. Kxc5 Kxh3 47. Rf6 f4 48. Rxf4 1/2-1/2

[Event "Barcelona-A 1st"]
[Site "Barcelona"]
[Date "2015.12.08"]
[Round "6"]
[White "Gallego Bergada, Antoni"]
[Black "Fernandez Diaz, Cristian"]
[Result "1/2-1/2"]
[WhiteElo "2115"]
[BlackElo "2275"]
[PlyCount "50"]
[EventDate "2015.12.05"]
[EventType "tourn"]
[EventRounds "7"]
[EventCountry "ESP"]
[SourceTitle "EXT 2024"]
[Source "ChessBase"]
[SourceDate "2023.10.10"]
[SourceVersion "1"]
[SourceVersionDate "2023.10.10"]
[SourceQuality "1"]

1. e4 c5 2. Nf3 d6 3. d4 cxd4 4. Nxd4 Nf6 5. Nc3 g6 6. Be3 Bg7 7. f3 0-0 8. Qd2 Nc6 9. 0-0-0 d5 10. exd5 Nxd5 11. Nxc6 bxc6 12. Nxd5 cxd5 13. Qxd5 Qc7 14. Qc5 Qb7 15. Qb5 Qxb5 16. Bxb5 Rb8 17. Bc4 Bxb2+ 18. Kd2 a5 19. Ke2 Rb4 20. Bd3 Be6 21. Bc5 Ra4 22. a3 Rc8 23. Bxe7 Re8 24. Bc5 Bxa3 25. Bxa3 Rxa3 1/2-1/2

[Event "Barcelona Tupinamba op 10th"]
[Site "Barcelona"]
[Date "2015.04.29"]
[Round "6"]
[White "Gallego Bergada, Antoni"]
[Black "Capellades Subirana, Marc"]
[Result "1/2-1/2"]
[WhiteElo "2233"]
[BlackElo "2295"]
[PlyCount "155"]
[EventDate "2015.03.18"]
[EventType "swiss"]
[EventRounds "9"]
[EventCountry "ESP"]
[SourceTitle "EXT 2018"]
[Source "ChessBase"]
[SourceDate "2017.10.13"]
[SourceVersion "1"]
[SourceVersionDate "2017.10.13"]
[SourceQuality "1"]

1. e4 e5 2. Nf3 Nc6 3. Bc4 Bc5 4. c3 Nf6 5. d4 exd4 6. 0-0 d3 7. b4 Bb6 8. a4 a6 9. a5 Ba7 10. e5 d5 11. Bxd3 Ne4 12. Bxe4 dxe4 13. Qxd8+ Kxd8 14. Ng5 Ke7 15. Nxe4 Nxe5 16. Bf4 f6 17. Na3 Bf5 18. Ng3 Be6 19. Bxe5 fxe5 20. Rae1 Rhf8 21. Rxe5 Rad8 22. Re2 Rd3 23. Rfe1 Kd8 24. Nb1 Bc4 25. Ne4 Rd7 26. Rd2 Rxd2 27. Nbxd2 Bd3 28. g3 Kc8 29. Kg2 h6 30. f4 g5 31. Kf3 Bb5 32. h4 gxf4 33. gxf4 Bb8 34. c4 Be8 35. c5 b6 36. Nc4 bxc5 37. bxc5 Bh5+ 38. Ke3 Bg6 39. Ne5 Bf5 40. Ng3 Bh7 41. Nc6 Kb7 42. Nxb8 Kxb8 43. Kf3 Rf6 44. Re5 Kb7 45. f5 Kc6 46. Kf4 Kb5 47. Re7 Bg8 48. Rxc7 Kxa5 49. Ke5 Rf8 50. Rb7 Re8+ 51. Kd6 Re3 52. Nh5 Rd3+ 53. Ke7 Re3+ 54. Kf6 Rc3 55. Rc7 Rc4 56. Kg7 Rg4+ 57. Kxh6 Rxh4 58. Kg5 Rh1 59. Nf6 Ba2 60. Rb7 Rc1 61. Nd7 Bf7 62. f6 Be6 63. Kg6 Rg1+ 64. Kh7 Rg5 65. c6 Rd5 66. Kg7 Rg5+ 67. Kf8 Bd5 68. Nb8 Re5 69. Rd7 Kb6 70. c7 Kb7 71. Nxa6 Rf5 72. f7 Bc4 73. Kg7 Bxf7 74. Rxf7 Rg5+ 75. Kf8 Rg6 76. Nc5+ Kc8 77. Re7 Rg8+ 78. Kxg8 1/2-1/2

[Event "Barcelona Tupinamba op 10th"]
[Site "Barcelona"]
[Date "2015.04.15"]
[Round "4"]
[White "Gallego Bergada, Antoni"]
[Black "Colom Andres, Xavier"]
[Result "1-0"]
[WhiteElo "2233"]
[BlackElo "2099"]
[PlyCount "63"]
[EventDate "2015.03.18"]
[EventType "swiss"]
[EventRounds "9"]
[EventCountry "ESP"]
[SourceTitle "EXT 2018"]
[Source "ChessBase"]
[SourceDate "2017.10.13"]
[SourceVersion "1"]
[SourceVersionDate "2017.10.13"]
[SourceQuality "1"]

1. e4 c5 2. Nf3 e6 3. d4 cxd4 4. Nxd4 a6 5. Nc3 Qc7 6. Bd3 Nf6 7. f4 d6 8. Qf3 b5 9. Be3 Bb7 10. g4 Nc6 11. g5 Nd7 12. 0-0-0 Be7 13. Nxc6 Bxc6 14. Kb1 Rc8 15. h4 0-0 16. h5 f5 17. Qh3 Nc5 18. Bxc5 dxc5 19. Rhe1 b4 20. Bc4 bxc3 21. Bxe6+ Kh8 22. h6 Rg8 23. Qxc3 Rcd8 24. Rxd8 Bxd8 25. exf5 Rf8 26. hxg7+ Qxg7 27. f6 Bxf6 28. gxf6 Qxf6 29. Qxc5 Bg2 30. Rg1 Rd8 31. Bb3 h5 32. Qxh5+ 1-0

[Event "Vilafranca del Penedes op 8th"]
[Site "Vilafranca del Penedes"]
[Date "2014.05.09"]
[Round "6"]
[White "Sirera Bargallo, Tomas"]
[Black "Gallego Bergada, Antoni"]
[Result "1/2-1/2"]
[WhiteElo "2145"]
[BlackElo "2221"]
[PlyCount "38"]
[EventDate "2014.03.28"]
[EventType "swiss"]
[EventRounds "8"]
[EventCountry "ESP"]
[SourceTitle "EXT 2015"]
[Source "ChessBase"]
[SourceDate "2014.11.20"]
[SourceVersion "1"]
[SourceVersionDate "2014.11.20"]
[SourceQuality "1"]

1. Nf3 e6 2. g3 f5 3. Bg2 Nf6 4. d3 Be7 5. Nbd2 0-0 6. 0-0 Nc6 7. e4 d6 8. exf5 e5 9. Nc4 Bxf5 10. Ne3 Bd7 11. Ng5 Qc8 12. c3 h6 13. Ne4 Rb8 14. b4 a6 15. a4 Bh3 16. b5 Bxg2 17. Kxg2 axb5 18. axb5 Nd8 19. Nxf6+ Bxf6 1/2-1/2

[Event "Vilafranca del Penedes op 7th"]
[Site "Vilafranca del Penedes"]
[Date "2013.05.10"]
[Round "6"]
[White "Gallego Bergada, Antoni"]
[Black "Mateos Rozas, Miguel Angel"]
[Result "1-0"]
[WhiteElo "2098"]
[BlackElo "2212"]
[PlyCount "51"]
[EventDate "2013.04.05"]
[EventType "swiss"]
[EventRounds "8"]
[EventCountry "ESP"]
[SourceTitle "EXT 2014"]
[Source "ChessBase"]
[SourceDate "2013.11.20"]
[SourceVersion "1"]
[SourceVersionDate "2013.11.20"]
[SourceQuality "1"]

1. e4 c5 2. Nf3 Nc6 3. d4 cxd4 4. Nxd4 g6 5. Nc3 Bg7 6. Be3 Nf6 7. Nxc6 bxc6 8. e5 Ng8 9. f4 Nh6 10. Bc4 0-0 11. Qd2 d6 12. 0-0-0 Bg4 13. Rde1 Bc8 14. h3 Nf5 15. Bf2 d5 16. Bb3 e6 17. g4 Ne7 18. h4 Qa5 19. h5 c5 20. Bh4 Nc6 21. Bf6 Bxf6 22. exf6 g5 23. fxg5 Nd4 24. g6 Nxb3+ 25. cxb3 fxg6 26. Qh6 1-0